000 00629nas a2200217 4500
001 BR2013009260
003 BR-BrBNA
005 20231205123238.0
007 ta
008 230509b bl.|||p| |||| 00| 00por d
040 _aBR-BrBNA
_bpor
_cBiblioteca Nacional de Agricultura
041 _a(Pt)
072 _aE50; C20
245 1 _aTinta de terra leva mais cor ao campo
650 _aEXTENSÃO RURAL
650 _aSOLO
650 _aPIGMENTO
773 0 _tAgropecuária Catarinense (Brazil)
_xISSN 0103-0779
_g(Jul 2013), v. 26(2) p. 23-24
_wBR2013009260
909 _a202311
_bLúcia
_c55
_dLúcia Elande
942 _2AGRIS
_n0
_cANA
999 _c232908
_d232908